Fundamentos de organización de empresas (Registro nro. 2538)

Detalles MARC
000 -LEADER
fixed length control field 01102 a2200229 4500
001 - CONTROL NUMBER
control field 35065
005 - DATE AND TIME OF LATEST TRANSACTION
control field 20260407155635.0
008 - FIXED-LENGTH DATA ELEMENTS--GENERAL INFORMATION
fixed length control field 260407a1964 arg spa d
003 - CONTROL NUMBER IDENTIFIER
control field AR-UNSa-BCEJYS
040 ## - CATALOGING SOURCE
Original cataloging agency AR-UNSa-BCEJYS
Language of cataloging spa
Transcribing agency AR-UNSa-BCEJYS
080 ## - UNIVERSAL DECIMAL CLASSIFICATION NUMBER
Universal Decimal Classification number 658.012.32
Common auxiliary subdivision Formas de organización, de gestión
100 1# - MAIN ENTRY--PERSONAL NAME
Personal name Serra Murtra, Jorge
245 10 - TITLE STATEMENT
Title Fundamentos de organización de empresas
264 #1 - PRODUCTION, PUBLICATION, DISTRIBUTION, MANUFACTURE, AND COPYRIGHT NOTICE
Place of production, publication, distribution, manufacture Barcelona :
Name of producer, publisher, distributor, manufacturer Labor
Date of production, publication, distribution, manufacture, or copyright notice 1964
300 ## - PHYSICAL DESCRIPTION
Extent 588 p.
Dimensions 22 cm.
505 ## - FORMATTED CONTENTS NOTE
Formatted contents note Parte I: Introducción - Parte II: Formas y estructuras de la empresa mercantil - Parte III: Promoción y funcionamiento de una empresa - Parte IV: Aspectos financieros de la empresa moderna - Parte V: Contabilidad - Parte VI: La función de fabricación - Parte VII: La función de distribución - Parte VIII: Relaciones Laborales - Parte IX: Consideraciones diversas.
590 ## - LOCAL NOTE (RLIN)
Local note niveau_biblio:m niveau_hierar:0
700 1# - ADDED ENTRY--PERSONAL NAME
Personal name Coulter Davies, Ernest
700 1# - ADDED ENTRY--PERSONAL NAME
Personal name Spriegel, William R.
856 41 - ELECTRONIC LOCATION AND ACCESS
Uniform Resource Identifier <a href="https://170.210.207.44/pmb/images/libros/fundOrgDeEmpresas.jpg">https://170.210.207.44/pmb/images/libros/fundOrgDeEmpresas.jpg</a>
Link text Imagen de portada
Electronic format type image/jpeg
942 ## - ADDED ENTRY ELEMENTS (KOHA)
Koha item type
Existencias
Withdrawn status Lost status Damaged status Not for loan Home library Current library Shelving location Date acquired Total checkouts Full call number Barcode Date last seen Price effective from Koha item type
        Biblioteca Prof. Eusebio Cleto del Rey Biblioteca Prof. Eusebio Cleto del Rey   07/04/2026   658.012.32 S769 L21410 07/04/2026 07/04/2026 Libro
        Biblioteca Prof. Eusebio Cleto del Rey Biblioteca Prof. Eusebio Cleto del Rey   07/04/2026   658.012.32 S769 L21411 07/04/2026 07/04/2026 Libro
        Biblioteca Prof. Eusebio Cleto del Rey Biblioteca Prof. Eusebio Cleto del Rey   07/04/2026   658.012.32 S769 L21412 07/04/2026 07/04/2026 Libro